000 00984cam a2200325 i 4500
001 20160
003 CO-MdFUSB
005 20161110105647.0
008 161103t19951991enk||||g |||| 00| 0 eng d
020 _a0-7136-3284-4
040 _aCO-MdFUSB
_bEspañol
_cCO-MdFUSB
_dCO-MdFUSB
_erda
041 _aeng
082 _224
_a226.307
_bH783c
100 1 _aHooker, Morna D.
_eautor
245 0 2 _aA commentary on the gospel according to St mark
_c/ Morna D. Hooker
264 1 _aLondon :
_bA & C Black,
_c℗1995
264 4 _c©1992
300 _a424 páginas
336 _2rdacontent
_a1
_ba1
337 _2rdamedia
_a2
_b5
338 _2rdacarrier
_a2
_b5
490 _aBlack's New Testament Commentary
501 _aRústico
504 _aIncluye índices (páginas: 407-424)
505 0 1 _aIntroducción - Análisis - Traducción y comentario - Notas
630 0 7 _aBiblia.
_pMarcos
653 _aMark (Gospel) -- commentaries
942 _cREF
999 _c46513
_d46513